Defeating communist insurgency (Record no. 184279)
[ view plain ]
| 000 -LEADER | |
|---|---|
| fixed length control field | 01049 a2200181 4500 |
| 003 - CONTROL NUMBER IDENTIFIER | |
| control field | Nust |
| 005 - DATE AND TIME OF LATEST TRANSACTION | |
| control field | 20230301131140.0 |
| 040 ## - CATALOGING SOURCE | |
| Transcribing agency | Nust |
| 082 ## - DEWEY DECIMAL CLASSIFICATION NUMBER | |
| Classification number | 327,THO |
| 100 ## - MAIN ENTRY--PERSONAL NAME | |
| Personal name | Robert Thompson |
| 9 (RLIN) | 109681 |
| 245 ## - TITLE STATEMENT | |
| Title | Defeating communist insurgency |
| Remainder of title | experiences from malaya and vietnam / |
| Statement of responsibility, etc. | Robert Thompson |
| 260 ## - PUBLICATION, DISTRIBUTION, ETC. | |
| Place of publication, distribution, etc. | Chatto & Windus |
| Name of publisher, distributor, etc. | London |
| Date of publication, distribution, etc. | 1974 |
| 300 ## - PHYSICAL DESCRIPTION | |
| Extent | 171 p; |
| Other physical details | illus |
| Dimensions | 18 cm |
| 505 ## - FORMATTED CONTENTS NOTE | |
| Formatted contents note | The Settings (Page-13), Communists Subversion (Page-21), Communist Insurgency (Page-28), Basic Principles of Counter Insurgency (Page-50), The Government Causes (Page-63),The Administrative Structure (Page-70), Intelligence (Page-84), Information Services (Page-90), Balances of Forces (Page-103), Basic Operational Concepts (Page-111), Strategic Helmets (Page-121), The Isolation of the Guerilla (Page-141), Jungle and Frontiers (Page-150), The Advisory Role (Page-156), Feet on the Ground (Page-166). |
| 600 ## - SUBJECT ADDED ENTRY--PERSONAL NAME | |
| Personal name | Robert Thompson |
| 9 (RLIN) | 109681 |
| 650 ## - SUBJECT ADDED ENTRY--TOPICAL TERM | |
| Topical term or geographic name entry element | Defeating communist insurgency experiences from malaya and vietnam |
| 9 (RLIN) | 109682 |
| 942 ## - ADDED ENTRY ELEMENTS (KOHA) | |
| Source of classification or shelving scheme | |
| Koha item type | Book |
| Withdrawn status | Lost status | Source of classification or shelving scheme | Damaged status | Not for loan | Permanent Location | Current Location | Shelving location | Date acquired | Full call number | Barcode | Date last seen | Price effective from | Koha item type | Public note |
|---|---|---|---|---|---|---|---|---|---|---|---|---|---|---|
| Military College of Signals (MCS) | Military College of Signals (MCS) | General Stacks | 12/12/2016 | 327,THO | MCS20932 | 12/08/2016 | 12/12/2016 | Book | Almirah No.73, Shelf No.5 | |||||
| Military College of Signals (MCS) | Military College of Signals (MCS) | General Stacks | 12/12/2016 | 327,THO | MCS20933 | 12/08/2016 | 12/12/2016 | Book | Almirah No.73, Shelf No.5 | |||||
| Military College of Signals (MCS) | Military College of Signals (MCS) | General Stacks | 12/12/2016 | 327,THO | MCS21532 | 12/08/2016 | 12/12/2016 | Book | Almirah No.73, Shelf No.5 | |||||
| Military College of Signals (MCS) | Military College of Signals (MCS) | General Stacks | 12/12/2016 | 327,THO | MCS21533 | 12/08/2016 | 12/12/2016 | Book | Almirah No.73, Shelf No.5 |
